| 000 | 00753nam a2200277 a 4500 | ||
|---|---|---|---|
| 999 |
_c5741 _d5741 |
||
| 001 | 5741 | ||
| 003 | BD-JhCC | ||
| 005 | 20171220180950.0 | ||
| 008 | 171220s1980 maua 001 0 eng d | ||
| 020 | _a0871502852 | ||
| 035 | _a(BD-JhCC)5741 | ||
| 040 |
_aBD-JhCC _cDLC _dBD-JhCC |
||
| 041 | _aeng | ||
| 050 | 0 | 0 |
_aQA107 _b.W54 1980 |
| 082 | 0 | 0 |
_a513/.132 _bWILL 1980 |
| 100 | 1 | _aWillerding, Margaret F. | |
| 245 | 1 | 2 |
_aA first course in college mathematics / _cMargaret F. Willerding. |
| 250 | _a4th ed. | ||
| 260 |
_aBoston, Mass. : _bPrindle, Weber & Schmidt, _cc1980. |
||
| 300 |
_aviii, 408 p. : _bill. ; _c24 cm. |
||
| 500 | _aIncludes index. | ||
| 504 | _aIncludes Index | ||
| 650 | 0 | _aArithmetic. | |
| 942 |
_2ddc _cBK |
||